000
00449nam a2200157Ia 4500
008
090123s9999 xx 000 0 und d
082
_b
264
100
_a
गाडगीळ अरविंद
245
_a
ताई व भाऊ
250
_a
0
600
_a
गाडगीळ अरविंद
630
_a
ताई व भाऊ
700
_a
गाडगीळ अरविंद
730
_a
ताई व भाऊ
942
_c
BOOK
999
_c
38352
_d
38352